Beauty and the Beast Characters by Screen-time - Statistics

General Stats
  • This quiz has been taken 221 times
  • The average score is 7 of 9
Answer Stats
Time Character % Correct
20:58 Beast
100%
32:40 Belle
99%
13:21 Gaston
92%
13:38 Lumiere
81%
8:25 Mrs. Potts
72%
4:33 Chip
69%
11:24 Cogsworth
63%
8:06 Lefou
63%
9:53 Maurice
60%
No matching quizzes found
Score Distribution
Percent of People with Each Score
Percentile by Number Answered
Your Score History
You have not taken this quiz